[Event "Reykjavik Open 2024"]
[Site "Reykjavik ISL"]
[Date "2024.03.21"]
[Round "9.122"]
[White "Yazgi, Huseyin Yigit"]
[Black "Field, Lila Quinn"]
[Result "1/2-1/2"]
[WhiteElo "1905"]
[BlackElo "1747"]
[WhiteFideId "6307060"]
[BlackFideId "30941334"]
[EventDate "2024.03.15"]

1. e4 c5 2. Nf3 Nc6 3. d4 cxd4 4. Nxd4 g6 5. c4 Nf6 6. Nc3 d6 7. Be2 Nxd4 8.
Qxd4 Bg7 9. Be3 O-O 10. Qd2 a5 11. Rc1 a4 12. Bh6 Qa5 13. O-O Be6 14. Bxg7 Kxg7
15. Qd4 Kg8 16. Nd5 Bxd5 17. exd5 Rac8 18. Rc3 Qc5 19. Qh4 Kg7 20. Re3 Rce8 21.
g4 Rh8 22. g5 Nd7 23. Qh6+ Kg8 24. Qh3 Nb6 25. b3 Qa3 26. bxa4 Qxa2 27. Rb3 Qxe2
28. Rxb6 Qxc4 29. Qb3 Qg4+ 30. Qg3 Qxa4 31. Rxb7 Qc4 32. Qf3 Qc8 33. Rfb1 Qf5
34. Qe3 Kg7 35. R1b5 Qg4+ 36. Qg3 Qxg3+ 37. hxg3 h6 38. gxh6+ Rxh6 39. Kg2 Rh5
40. Rd7 Kf6 41. f4 g5 42. g4 Rhh8 43. Kg3 gxf4+ 44. Kxf4 Rhg8 45. Rbb7 Rg5 46.
Rxe7 Rxe7 47. Rxe7 Rxd5 48. Rd7 Rd1 49. Ra7 d5 50. Ra6+ Kg7 51. Rd6 d4 52. Ke4
d3 53. Rxd3 Rxd3 54. Kxd3 Kg6 55. Ke4 Kg5 1/2-1/2

[Event "Reykjavik Open 2024"]
[Site "Reykjavik ISL"]
[Date "2024.03.21"]
[Round "9.123"]
[White "Johannsson, Markus Orri"]
[Black "Airlie, Arran"]
[Result "1-0"]
[WhiteElo "1758"]
[BlackElo "1894"]
[WhiteFideId "2318539"]
[BlackFideId "442011"]
[EventDate "2024.03.15"]

1. e4 c6 2. d4 d5 3. exd5 cxd5 4. Bd3 Nc6 5. c3 Nf6 6. h3 g6 7. Nf3 Bf5 8. O-O
Bxd3 9. Qxd3 Bg7 10. Bf4 O-O 11. Nbd2 Rc8 12. Rae1 e6 13. Ne5 Nd7 14. Nxd7 Qxd7
15. Qe3 Ne7 16. g4 b5 17. Nb3 Nc6 18. Nc5 Qe7 19. Bh6 Bxh6 20. Qxh6 b4 21. f4
Qd6 22. f5 exf5 23. gxf5 Kh8 24. f6 Qg3+ 25. Kh1 Rg8 26. Re3 Qd6 27. Qg5 bxc3
28. bxc3 Rb8 29. Rf4 Rb2 30. Nd3 Rb1+ 31. Kg2 Nd8 32. Rh4 Qf8 33. Re8 Ne6 34.
Qg3 Rd1 35. Rxf8 Rxf8 36. Qe3 h5 37. Ne5 Kg8 38. Nxg6 Rb8 39. Ne7+ Kf8 40. Rxh5
Rb2+ 41. Kg3 Ke8 42. Rxd5 Rbd2 43. Nc6 Kf8 44. Qh6+ Kg8 1-0

[Event "Reykjavik Open 2024"]
[Site "Reykjavik ISL"]
[Date "2024.03.21"]
[Round "9.124"]
[White "Jaroszewicz, Dawid"]
[Black "Halldorsson, Kristjan"]
[Result "0-1"]
[WhiteElo "1757"]
[BlackElo "1887"]
[WhiteFideId "41809742"]
[BlackFideId "2302551"]
[EventDate "2024.03.15"]

1. d4 d5 2. c4 c6 3. Nf3 Nf6 4. e3 e6 5. b3 Bb4+ 6. Nbd2 O-O 7. Bd3 Nbd7 8. O-O
b6 9. Bb2 Bb7 10. Ne5 Be7 11. f4 c5 12. cxd5 Nxd5 13. Nxd7 Qxd7 14. Qh5 g6 15.
Qh3 Bf6 16. Ne4 Bg7 17. Rad1 f5 18. Nd2 cxd4 19. exd4 Nb4 20. Nc4 Bxd4+ 21. Bxd4
Qxd4+ 22. Kh1 Qg7 23. Rf2 Rad8 24. Rfd2 Nd5 25. Qg3 Kh8 26. Ne5 Nc3 27. Bxf5
Nxd1 28. Rxd8 Rxd8 29. Qh4 g5 30. fxg5 Ne3 0-1

[Event "Reykjavik Open 2024"]
[Site "Reykjavik ISL"]
[Date "2024.03.21"]
[Round "9.125"]
[White "Joensen, Henrik W."]
[Black "Spagnoli, Benjamin"]
[Result "0-1"]
[WhiteElo "1751"]
[BlackElo "1883"]
[WhiteFideId "7203780"]
[BlackFideId "20667116"]
[EventDate "2024.03.15"]

1. e4 c6 2. d4 d5 3. exd5 cxd5 4. c4 Nf6 5. Nc3 g6 6. Nf3 Bg7 7. c5 O-O 8. Bd3
Nc6 9. O-O Bg4 10. Be2 Rc8 11. h3 Bxf3 12. Bxf3 e6 13. Bf4 Ne8 14. Be3 b6 15.
Na4 bxc5 16. Nxc5 Nd6 17. Re1 Nf5 18. Nb3 Qf6 19. Nc5 Rfd8 20. Nb7 Rf8 21. Nc5
Qe7 22. Nb3 Qb4 23. Be2 Ncxd4 24. Ba6 Rb8 25. Rc1 Nxb3 26. axb3 Nd4 27. Qd3 Nxb3
28. Rb1 Nc5 29. Bxc5 Qxc5 30. Rec1 Qd6 31. b3 Rb6 32. Bb5 Rfb8 33. Ba4 e5 34. f3
Bh6 35. Rc2 d4 36. g4 Be3+ 37. Kg2 Qf6 38. Rc7 Qh4 39. Rb2 Bf4 40. Qc4 Qg3+ 41.
Kf1 Qxh3+ 42. Ke2 Qg2+ 43. Ke1 Qg1+ 44. Ke2 Qe3+ 45. Kd1 Qxf3+ 46. Kc2 Qe4+ 47.
Kd1 Rf6 48. Bc6 Qe3 49. Bd5 Qg1+ 50. Ke2 Qxg4+ 51. Bf3 Qf5 52. Qd5 e4 53. Bxe4
Qxd5 54. Bxd5 Bxc7 0-1

[Event "Reykjavik Open 2024"]
[Site "Reykjavik ISL"]
[Date "2024.03.21"]
[Round "9.126"]
[White "Ferzli, Michael"]
[Black "Hafthorsson, Jon Ulfur"]
[Result "1-0"]
[WhiteElo "1879"]
[BlackElo "1738"]
[WhiteFideId "5310288"]
[BlackFideId "2323206"]
[EventDate "2024.03.15"]

1. d4 Nf6 2. c4 g6 3. g3 Bg7 4. Bg2 O-O 5. Nc3 d6 6. Nf3 Nbd7 7. O-O e5 8. e4
Re8 9. Re1 exd4 10. Nxd4 Nc5 11. h3 c6 12. b3 Nfxe4 13. Nxe4 Nxe4 14. Rxe4 Rxe4
15. Bxe4 c5 16. Nc2 Bxa1 17. Nxa1 Bxh3 18. Bxb7 Rb8 19. Bg2 Bxg2 20. Kxg2 Qe7
21. Bf4 Rd8 22. Qd5 Qe2 23. Bg5 Re8 24. Bf6 Re6 25. Qa8+ Re8 26. Qd5 Re6 27. Bc3
Re3 28. Qa8+ Re8 29. Qf3 f5 30. Qd5+ Re6 31. Nc2 Kf8 32. Ne1 f4 33. Qa8+ Kf7 34.
Nf3 Re3 35. Ng5+ Ke7 36. Qb7+ Ke8 37. Qf7+ Kd8 38. Ba5+ 1-0

[Event "Reykjavik Open 2024"]
[Site "Reykjavik ISL"]
[Date "2024.03.21"]
[Round "9.127"]
[White "Hauksdottir, Hrund"]
[Black "Arun, Rahul"]
[Result "1-0"]
[WhiteElo "1859"]
[BlackElo "1693"]
[WhiteFideId "2302608"]
[BlackFideId "2524210"]
[EventDate "2024.03.15"]

1. e4 g6 2. d4 Bg7 3. Nf3 d6 4. Be3 Bg4 5. h3 Bxf3 6. Qxf3 Nd7 7. Bc4 Ngf6 8.
Nc3 c6 9. a4 a5 10. O-O O-O 11. Rad1 Qb6 12. Bb3 Qa6 13. Rfe1 b5 14. Bg5 b4 15.
Nb1 c5 16. e5 c4 17. exf6 exf6 18. Bf4 cxb3 19. Qxb3 Rfd8 20. Re7 Rf8 21. Rxd7
Rad8 22. Rxd8 Rxd8 23. Re1 Bf8 24. c3 d5 25. Qd1 Qc6 26. cxb4 Bxb4 27. Re2 Rc8
28. Bd2 Qb7 29. Nc3 Qb6 30. Nb5 Rc4 31. Bxb4 Rxb4 32. b3 Rxb5 33. axb5 Qxb5 34.
Rc2 Qb8 35. Rc5 Qd8 36. Qd2 Qb8 37. Qc3 Kg7 38. Rxd5 Qf4 39. Rxa5 h5 40. Ra7 Kh6
41. Qe3 1-0

[Event "Reykjavik Open 2024"]
[Site "Reykjavik ISL"]
[Date "2024.03.21"]
[Round "9.128"]
[White "Von Kistowski, Fynn"]
[Black "Smith, Alexander"]
[Result "0-1"]
[WhiteElo "1746"]
[BlackElo "1857"]
[WhiteFideId "1353888"]
[BlackFideId "30996910"]
[EventDate "2024.03.15"]

1. e4 c5 2. c3 Nf6 3. e5 Nd5 4. d4 cxd4 5. Nf3 Nc6 6. cxd4 d6 7. exd6 Qxd6 8.
Bc4 Bg4 9. Nc3 e6 10. Bxd5 exd5 11. Be3 Qd7 12. a3 Be7 13. h3 Bh5 14. g4 Bg6 15.
Ne5 Nxe5 16. dxe5 Rd8 17. Bd4 b5 18. Qb3 a6 19. Rd1 Qc6 20. O-O h5 21. f4 hxg4
22. hxg4 Rh4 23. Rd2 Rxg4+ 24. Rg2 Rxg2+ 25. Kxg2 Be4+ 26. Nxe4 dxe4 27. Qe3
Qg6+ 28. Kf2 Bh4+ 29. Ke2 Qg2+ 30. Rf2 Bxf2 31. Qxf2 Qf3+ 32. Ke1 Qd3 0-1

[Event "Reykjavik Open 2024"]
[Site "Reykjavik ISL"]
[Date "2024.03.21"]
[Round "9.129"]
[White "Bernard, Christopher"]
[Black "Ingason, Sigurdur"]
[Result "1/2-1/2"]
[WhiteElo "1728"]
[BlackElo "1840"]
[WhiteFideId "447447"]
[BlackFideId "2301709"]
[EventDate "2024.03.15"]

1. Nf3 d5 2. c4 c6 3. d4 Nf6 4. g3 Bf5 5. Bg2 e6 6. Qb3 Qb6 7. Qxb6 axb6 8. cxd5
exd5 9. Nc3 Bd6 10. O-O Nbd7 11. Re1 O-O 12. Nh4 Bg6 13. Nxg6 hxg6 14. Bg5 Rfe8
15. a3 Ne4 16. Nxe4 dxe4 17. Bd2 1/2-1/2

[Event "Reykjavik Open 2024"]
[Site "Reykjavik ISL"]
[Date "2024.03.21"]
[Round "9.130"]
[White "Keenan, Alex"]
[Black "Gulbinski, Michal"]
[Result "1/2-1/2"]
[WhiteElo "1839"]
[BlackElo "1671"]
[WhiteFideId "2409518"]
[BlackFideId "21086079"]
[EventDate "2024.03.15"]

1. Nf3 d5 2. g3 Nf6 3. Bg2 Bf5 4. O-O h6 5. c4 c6 6. Qb3 Qb6 7. d3 e6 8. Nc3 Be7
9. Be3 Qxb3 10. axb3 a6 11. cxd5 exd5 12. Nd4 Bh7 13. Nc2 O-O 14. b4 Nbd7 15.
Na4 Rfe8 16. Rfe1 Bd6 17. Nc5 Nxc5 18. bxc5 Bc7 19. b4 Bg6 20. Bf3 Rac8 21. Bd4
Nd7 22. Bg4 Rcd8 23. Ne3 Ne5 24. Bf5 Bxf5 25. Nxf5 Kh7 26. f4 g6 27. Bxe5 Bxe5
28. fxe5 gxf5 29. d4 f6 30. exf6 Re4 31. e3 Kg6 32. Kf2 Kxf6 33. Ra3 Rde8 34.
Raa1 h5 35. h4 1/2-1/2

[Event "Reykjavik Open 2024"]
[Site "Reykjavik ISL"]
[Date "2024.03.21"]
[Round "9.131"]
[White "Novak, Vjekoslav"]
[Black "Imam-Sadeque, Ali"]
[Result "1-0"]
[WhiteElo "1833"]
[BlackElo "1652"]
[WhiteFideId "14511584"]
[BlackFideId "343422500"]
[EventDate "2024.03.15"]

1. f4 d5 2. c4 c6 3. Nf3 e6 4. e3 Bd6 5. b3 f5 6. Bb2 Nf6 7. Be2 O-O 8. O-O Nbd7
9. Qc2 Ne4 10. d3 Nef6 11. Ng5 Qb6 12. d4 dxc4 13. bxc4 Qa5 14. Nxe6 Re8 15. Bc3
Qa6 16. c5 b5 17. Nxg7 Kxg7 18. Rf3 Bf8 19. Qxf5 Kf7 20. Rh3 Ke7 21. a4 Qb7 22.
axb5 cxb5 23. Bf3 Qb8 24. d5 Bg7 25. d6+ Kd8 26. Bxa8 Qxa8 27. Ba5+ Nb6 28.
Bxb6+ 1-0

[Event "Reykjavik Open 2024"]
[Site "Reykjavik ISL"]
[Date "2024.03.21"]
[Round "9.137"]
[White "Becke, Wolf"]
[Black "Olafsson, Olafur Orn"]
[Result "0-1"]
[WhiteElo "1928"]
[BlackElo "1542"]
[WhiteFideId "16203038"]
[BlackFideId "2312042"]
[EventDate "2024.03.15"]

1. c4 Nf6 2. Nc3 e6 3. g3 Bb4 4. Bg2 Bxc3 5. dxc3 d5 6. cxd5 exd5 7. Nf3 O-O 8.
O-O h6 9. h3 Bf5 10. Qb3 Qc8 11. Kh2 c6 12. Bf4 Nbd7 13. Ne5 Re8 14. Nxd7 Qxd7
15. Rae1 Re6 16. c4 Rae8 17. cxd5 Nxd5 18. Qd1 Qe7 19. Bf3 Nxf4 20. gxf4 Qh4 21.
Bg2 Rg6 22. e3 Rxg2+ 23. Kxg2 Qxh3+ 24. Kg1 Re6 25. Qd2 Kh7 0-1

[Event "Reykjavik Open 2024"]
[Site "Reykjavik ISL"]
[Date "2024.03.21"]
[Round "9.138"]
[White "Pointier, Pierre"]
[Black "Saemundsson, Bjarni"]
[Result "0-1"]
[WhiteElo "1698"]
[BlackElo "1903"]
[WhiteFideId "343104638"]
[BlackFideId "2302900"]
[EventDate "2024.03.15"]

1. d4 e6 2. Bf4 c5 3. e3 cxd4 4. exd4 Qb6 5. Nc3 Qxb2 6. Nb5 Bb4+ 7. Ke2 Nc6 8.
Nc7+ Kd8 9. Nf3 b6 10. Rb1 Qa3 11. g3 Ba6+ 12. Nxa6 Qxa6+ 13. Qd3 Qxd3+ 14. Kxd3
Nf6 15. Bg2 Be7 16. c3 Rc8 17. h3 d5 18. Nd2 Kd7 19. Rhe1 Na5 20. Rb2 Ne8 21.
Nf3 Nc4 22. Rbe2 Bd6 23. Bc1 Nc7 24. Ng5 Rcf8 25. f4 h6 26. Nf3 Nb5 27. g4 Rc8
28. Ne5+ Nxe5+ 29. fxe5 Rxc3+ 0-1

[Event "Reykjavik Open 2024"]
[Site "Reykjavik ISL"]
[Date "2024.03.21"]
[Round "9.139"]
[White "Gilsson, Asmund"]
[Black "Rognvaldsson, Geir"]
[Result "1-0"]
[WhiteElo "1821"]
[BlackElo "1699"]
[WhiteFideId "1541242"]
[BlackFideId "2304090"]
[EventDate "2024.03.15"]

1. d4 Nf6 2. c4 e6 3. Nc3 c5 4. d5 exd5 5. cxd5 d6 6. e4 a6 7. a4 g6 8. Bd3 Bg7
9. Nge2 b6 10. O-O O-O 11. Bg5 Qc7 12. Bf4 Nbd7 13. Rc1 Nh5 14. Be3 Ne5 15. Bf4
Nxf4 16. Nxf4 Nxd3 17. Qxd3 f5 18. Qg3 Be5 19. Rfe1 Bxf4 20. Qxf4 fxe4 21. Qxe4
Ra7 22. Re3 Qd8 23. Rce1 Raf7 24. f3 Bd7 25. Qc4 Bc8 26. Qe2 Qc7 27. Qf2 Bb7 28.
Qh4 Qd8 29. Qxd8 Rxd8 30. Re7 Kf8 31. R7e3 Rfd7 32. Re6 b5 33. axb5 axb5 34.
Nxb5 Bxd5 35. R6e3 Bc6 36. Na3 Rb7 37. R1e2 Re8 38. Rxe8+ Bxe8 39. Nc4 d5 40.
Rxe8+ Kg7 41. Ne5 Rxb2 42. Rd8 d4 43. Rd5 Rc2 44. Nd7 Rc1+ 45. Kf2 Rc2+ 46. Kg3
c4 47. Rxd4 c3 48. Rc4 Rd2 49. Ne5 Kf6 50. Ng4+ Ke6 51. Rxc3 1-0

[Event "Reykjavik Open 2024"]
[Site "Reykjavik ISL"]
[Date "2024.03.21"]
[Round "9.140"]
[White "Sigfusson, Ottar Orn Bergmann"]
[Black "Stuhr, Finn"]
[Result "0-1"]
[WhiteElo "1693"]
[BlackElo "1814"]
[WhiteFideId "2313057"]
[BlackFideId "1400789"]
[EventDate "2024.03.15"]

1. e4 e5 2. Nf3 Nc6 3. Bb5 a6 4. Ba4 Nf6 5. O-O b5 6. Bb3 Be7 7. c3 O-O 8. Re1
d5 9. exd5 Nxd5 10. Nxe5 Nxe5 11. Rxe5 c6 12. d4 Bd6 13. Re1 Qh4 14. g3 Qh3 15.
Bxd5 cxd5 16. Qf3 Be6 17. Nd2 Rae8 18. Re3 Bg4 19. Qg2 Rxe3 20. fxe3 Qh5 21. Nb3
Bf3 22. Qf2 Re8 23. Bd2 Re6 24. Nc1 Rf6 25. Nd3 g5 26. Rf1 Qg4 27. Ne1 Qh5 28.
Nxf3 g4 29. Qg2 Rxf3 30. Rxf3 gxf3 31. Qh1 Bxg3 32. h4 f2+ 33. Kg2 Bxh4 34. Qh3
Qe2 0-1

[Event "Reykjavik Open 2024"]
[Site "Reykjavik ISL"]
[Date "2024.03.21"]
[Round "9.141"]
[White "Seshadri, Sridhar"]
[Black "Mercure, Gilbert"]
[Result "1-0"]
[WhiteElo "1680"]
[BlackElo "1804"]
[WhiteFideId "30913942"]
[BlackFideId "2629585"]
[EventDate "2024.03.15"]

1. d4 d5 2. e3 c5 3. c3 a6 4. a4 Bf5 5. Bd3 Bxd3 6. Qxd3 c4 7. Qc2 Nc6 8. e4
dxe4 9. Qxe4 Nf6 10. Qf3 e6 11. Bg5 Qd5 12. Bxf6 Qxf3 13. Nxf3 gxf6 14. Nbd2 Na5
15. O-O Be7 16. Rfe1 Kd7 17. Rad1 b5 18. axb5 axb5 19. Ra1 Nb7 20. Nf1 Nd6 21.
Ne3 h5 22. Nd2 f5 23. f4 Bh4 24. Rab1 Ne4 25. Nxe4 fxe4 26. f5 Bg5 27. fxe6+
fxe6 28. Kf1 Rhf8+ 29. Ke2 Kc6 30. Red1 Bxe3 31. Kxe3 Kd5 32. Ra1 h4 33. Rxa8
Rxa8 34. Rf1 Rg8 35. Rf2 Rg5 36. Rf4 Rxg2 37. Rxh4 Rg5 38. Rxe4 Rg2 39. Re5+ Kd6
40. Rxb5 Rxh2 41. Kf4 Rf2+ 42. Ke3 Rh2 43. Rb8 Kd5 44. Rd8+ Kc6 45. Rc8+ Kd6 46.
Rxc4 Rxb2 47. Rc8 Kd7 48. Ra8 Rc2 49. Ra7+ Kd6 50. Ra6+ Kd5 51. Kd3 Rc1 1-0

[Event "Reykjavik Open 2024"]
[Site "Reykjavik ISL"]
[Date "2024.03.21"]
[Round "9.142"]
[White "Pollitt, Henry"]
[Black "Jelsma, Remco"]
[Result "1/2-1/2"]
[WhiteElo "1674"]
[BlackElo "1802"]
[WhiteFideId "2644916"]
[BlackFideId "1085778"]
[EventDate "2024.03.15"]

1. e4 c5 2. c3 d5 3. exd5 Qxd5 4. d4 Nc6 5. Nf3 Nf6 6. Be3 cxd4 7. cxd4 e6 8.
Nc3 Qd8 9. Bc4 Nd5 10. O-O Be7 11. Bxd5 exd5 12. Ne5 O-O 13. Nxc6 bxc6 14. Rc1
a5 15. Na4 Ba6 16. Re1 Bb4 17. Bd2 Bb5 18. Nc5 Bxc5 19. Rxc5 a4 20. Re3 Qh4 21.
Bb4 Rfe8 22. Qe1 Re4 23. Rxe4 Qxe4 24. Qxe4 dxe4 25. Re5 Bd3 1/2-1/2

[Event "Reykjavik Open 2024"]
[Site "Reykjavik ISL"]
[Date "2024.03.21"]
[Round "9.143"]
[White "Fjeldsted, Andres"]
[Black "Davidsen, Rokur"]
[Result "0-1"]
[WhiteElo "1795"]
[BlackElo "1682"]
[WhiteFideId "2321378"]
[BlackFideId "7203098"]
[EventDate "2024.03.15"]

1. e4 c5 2. Nc3 Nc6 3. f4 g6 4. Nf3 Bg7 5. d3 d6 6. g3 Nf6 7. Bg2 O-O 8. O-O Bg4
9. h3 Bxf3 10. Bxf3 Qd7 11. Bg2 Rab8 12. Be3 e5 13. f5 Nd4 14. g4 Ne8 15. Nd5
Nc7 16. c3 Nxd5 17. exd5 gxf5 18. cxd4 cxd4 19. Bg5 f6 20. Bh4 fxg4 21. Qxg4 f5
22. Qe2 Bh6 23. Rf3 Bf4 24. Rb1 Rbc8 25. Bf2 Rfe8 26. Bg3 Be3+ 27. Rxe3 dxe3 28.
Qh5 f4 29. Bh4 Rc2 30. Be4 Qf7 31. Bxh7+ Kg7 32. Qxf7+ Kxf7 33. Be4 Rg8+ 34. Kh1
Rh8 35. Be1 Rxh3+ 0-1

[Event "Reykjavik Open 2024"]
[Site "Reykjavik ISL"]
[Date "2024.03.21"]
[Round "9.144"]
[White "Brynjarsson, Orvar Holm"]
[Black "Kaergaard, Sissel"]
[Result "0-1"]
[WhiteElo "1645"]
[BlackElo "1795"]
[WhiteFideId "2321726"]
[BlackFideId "1434195"]
[EventDate "2024.03.15"]

1. e4 c6 2. d4 d5 3. Nc3 dxe4 4. Nxe4 Bf5 5. Ng3 Bg6 6. h4 h6 7. Nf3 e6 8. Ne5
Bh7 9. Bc4 Nf6 10. Qe2 Qe7 11. Be3 Nbd7 12. O-O-O Nd5 13. f3 Nxe5 14. dxe5 Qb4
15. Bb3 Bc5 16. Bxc5 Qxc5 17. Rhe1 O-O 18. Ne4 Bxe4 19. Qxe4 a5 20. h5 b5 21.
Bxd5 cxd5 22. Qd3 a4 23. g4 b4 24. Rd2 Rfc8 25. f4 b3 26. a3 bxc2 27. Rxc2 Qf2
28. Qd2 Rxc2+ 29. Kxc2 Rc8+ 30. Kd1 Qf3+ 31. Re2 Qxg4 32. Qd4 Rc4 33. Qb6 Rxf4 0-1

[Event "Reykjavik Open 2024"]
[Site "Reykjavik ISL"]
[Date "2024.03.21"]
[Round "9.146"]
[White "Leliveld, Andrew"]
[Black "Visser, Wouter"]
[Result "1-0"]
[WhiteElo "1657"]
[BlackElo "1789"]
[WhiteFideId "2645327"]
[BlackFideId "1082566"]
[EventDate "2024.03.15"]

1. b4 e5 2. Bb2 d6 3. e4 Nf6 4. Nc3 Be6 5. Nf3 h6 6. d4 exd4 7. Nxd4 Bg4 8. f3
Bd7 9. Bc4 Nc6 10. a3 Be7 11. O-O O-O 12. Nde2 Ne5 13. Bb3 Be6 14. Nd5 c6 15.
Nxe7+ Qxe7 16. Bxe6 Qxe6 17. Nd4 Qd7 18. Nf5 Rad8 19. Qe2 Rfe8 20. f4 Ng6 21.
Nxh6+ Kh7 22. Bxf6 gxf6 23. Qh5 Kg7 24. Nf5+ Kg8 25. Qh6 1-0

[Event "Reykjavik Open 2024"]
[Site "Reykjavik ISL"]
[Date "2024.03.21"]
[Round "9.147"]
[White "Koletzko, Leon"]
[Black "Karlinder, Lovis Neo"]
[Result "1-0"]
[WhiteElo "1777"]
[BlackElo "1642"]
[WhiteFideId "34644334"]
[BlackFideId "34664785"]
[EventDate "2024.03.15"]

1. e4 c6 2. d4 d5 3. exd5 cxd5 4. Bd3 Nc6 5. Nf3 Bg4 6. c3 Nf6 7. Bf4 e6 8. Nbd2
Bd6 9. Bxd6 Qxd6 10. O-O O-O 11. Qe1 Qc7 12. Qe3 Bh5 13. Rfe1 Rfc8 14. Ne5 Nxe5
15. dxe5 Nd7 16. Qg5 Bg6 17. Bxg6 hxg6 18. Nb3 Rab8 19. Rad1 a5 20. a3 Qb6 21.
Nd4 Qxb2 22. Qe7 Nf8 23. Nf3 Qxc3 24. Rd4 Rc7 25. Qh4 Rc4 26. Rxc4 Qxc4 27. Qe7
Qc6 28. Ng5 Qd7 29. Qc5 b6 30. Qd4 Qb5 31. Qf4 Rb7 32. h3 Qd3 33. Rc1 Qf5 34.
Qh4 f6 35. Nf3 Nd7 36. Rc8+ Nf8 37. Qa4 fxe5 38. Qh4 Qf4 39. Rxf8+ Kxf8 40. Qd8+
Kf7 41. Ng5+ Qxg5 42. Qxg5 Rc7 43. Qxe5 Rc1+ 44. Kh2 Rb1 45. Qc3 Rb5 46. Qc7+
Kf6 47. Qd8+ Ke5 48. Qg5+ Kd6 49. Qxg6 d4 50. Qxg7 Rd5 51. Qg3+ Kd7 52. Qd3 Kc6
53. a4 b5 54. axb5+ Kc5 55. g4 a4 56. h4 Kb4 57. b6 e5 58. f3 a3 59. b7 Rd8 60.
Qb1+ Kc3 61. b8=Q Rxb8 62. Qxb8 a2 63. Qa7 Kb2 64. Qb6+ Kc3 65. Qa5+ Kb2 66.
Qb4+ Kc2 67. Qa3 Kb1 68. Qb3+ Ka1 69. Kg3 e4 70. fxe4 d3 71. e5 d2 72. e6 d1=Q
73. Qxd1+ Kb2 74. e7 1-0

[Event "Reykjavik Open 2024"]
[Site "Reykjavik ISL"]
[Date "2024.03.21"]
[Round "9.148"]
[White "Wallasch, Stefan"]
[Black "Saemundsson, Thor"]
[Result "1-0"]
[WhiteElo "1777"]
[BlackElo "1626"]
[WhiteFideId "34646043"]
[BlackFideId "2407493"]
[EventDate "2024.03.15"]

1. d4 Nf6 2. Bg5 c5 3. d5 d6 4. Nc3 Qa5 5. Bd2 Qb6 6. e4 a6 7. a4 g6 8. a5 Qd8
9. Bc4 Bg7 10. f4 Bg4 11. Nf3 Bh6 12. O-O O-O 13. h3 Bxf3 14. Rxf3 Nbd7 15. g4
Bg7 16. Qe1 Ne8 17. Ne2 Bxb2 18. Rb1 Bd4+ 19. Nxd4 cxd4 20. Rxb7 Rb8 21. Rfb3
Rxb7 22. Rxb7 Nc5 23. Rb6 Qc8 24. e5 h5 25. Qh4 Ne4 26. Rc6 Nxd2 27. Qf2 Qxc6
28. dxc6 Nxc4 29. Qxd4 Nxa5 30. Qa4 Nxc6 31. Qxc6 dxe5 32. fxe5 hxg4 33. hxg4
Ng7 34. Qd7 e6 35. c4 Rb8 36. c5 Rb1+ 37. Kf2 Rb2+ 38. Kg3 Rb3+ 39. Kh4 Rb4 40.
Kg5 Rb5 41. Kf6 1-0

[Event "Reykjavik Open 2024"]
[Site "Reykjavik ISL"]
[Date "2024.03.21"]
[Round "9.150"]
[White "Gudjonsson, Anton Vignir"]
[Black "Banta, Robert Lance"]
[Result "1-0"]
[WhiteElo "1643"]
[BlackElo "1755"]
[WhiteFideId "2323664"]
[BlackFideId "39908682"]
[EventDate "2024.03.15"]

1. d4 Nf6 2. Bf4 e6 3. Nf3 d5 4. e3 Bd6 5. Bg3 Bxg3 6. hxg3 Nbd7 7. Bd3 h6 8.
Nbd2 c5 9. c4 b6 10. b3 Bb7 11. Qe2 O-O 12. O-O Rc8 13. Rac1 Re8 14. cxd5 exd5
15. Qd1 g6 16. a4 a6 17. Re1 Ne4 18. Nh4 Qf6 19. Nxe4 dxe4 20. Bc4 g5 21. Qg4
Rc7 22. Nf5 Bc8 23. Bxf7+ Kxf7 24. Qh5+ Kf8 25. Nxh6 Nb8 26. Ng4 Bxg4 27. Qxg4
Rf7 28. Rf1 Qf5 29. Qe2 g4 30. dxc5 bxc5 31. Qd2 Rd7 32. Qa5 Re5 33. Qb6 Re8 34.
Rxc5 Qf7 35. Qh6+ Ke7 36. Re5+ Kd8 37. Qb6+ Kc8 38. Rxe8+ 1-0

[Event "Reykjavik Open 2024"]
[Site "Reykjavik ISL"]
[Date "2024.03.21"]
[Round "9.151"]
[White "Schilling, Patrick T"]
[Black "Mork, Peter"]
[Result "1/2-1/2"]
[WhiteElo "1633"]
[BlackElo "1755"]
[WhiteFideId "30996295"]
[BlackFideId "1580604"]
[EventDate "2024.03.15"]

1. e4 c5 2. c3 d5 3. exd5 Qxd5 4. d4 Nc6 5. Nf3 Bg4 6. Be2 e6 7. Be3 cxd4 8.
cxd4 Nf6 9. Nc3 Qd6 10. O-O Be7 11. Qa4 O-O 12. h3 Bh5 13. Rfd1 a6 14. Qb3 Nb4
15. Ne5 Bxe2 16. Nxe2 Nbd5 17. Rac1 Nxe3 18. Qxe3 Rfc8 19. Rxc8+ Rxc8 20. Rc1
Rxc1+ 21. Qxc1 Qd8 22. Qc4 g6 23. Nf3 Bf8 24. Nc3 Bg7 25. Kf1 h6 26. Ke2 Nd7 27.
Qd3 Nb6 28. b3 Nd5 29. Nxd5 Qxd5 30. Qc4 Qe4+ 31. Kd2 Bf8 32. Qc8 Kg7 33. Qc2
Bb4+ 34. Kd1 Qd5 35. Qc4 Qd6 36. Ke2 b5 37. Qd3 Qc6 38. Kd1 a5 39. Qc2 Qd5 40.
Ke2 Bd6 41. Ke3 g5 42. Ke2 h5 43. Qd2 g4 44. hxg4 hxg4 45. Qg5+ Qxg5 46. Nxg5 a4
47. bxa4 bxa4 48. Kd3 Kg6 49. Ne4 Be7 50. f3 gxf3 51. gxf3 Kf5 52. d5 exd5 53.
Nc3 a3 54. Nxd5 Bd6 55. Kc4 Ke5 56. Nc3 Kf4 57. Nb5 Be7 58. Kb3 Kxf3 59. Nxa3 f5
60. Nc2 f4 61. Kc3 Bc5 62. Ne1+ Ke2 63. Nd3 Be3 64. a4 f3 65. Kc2 f2 66. Nxf2
Bxf2 67. a5 Ba7 68. a6 Bg1 69. a7 Bxa7 1/2-1/2

[Event "Reykjavik Open 2024"]
[Site "Reykjavik ISL"]
[Date "2024.03.21"]
[Round "9.152"]
[White "Megarbane, Julien"]
[Black "Dyshliuk, Fedir"]
[Result "1/2-1/2"]
[WhiteElo "1632"]
[BlackElo "1740"]
[WhiteFideId "5304300"]
[BlackFideId "34142827"]
[EventDate "2024.03.15"]

1. d4 d5 2. c4 e6 3. Nc3 Nf6 4. cxd5 exd5 5. Bg5 Be6 6. e3 Be7 7. Qb3 b6 8. Nf3
O-O 9. Bd3 c5 10. Qc2 Nbd7 11. h3 c4 12. Be2 a6 13. O-O b5 14. a3 Re8 15. Rad1
Rc8 16. Rfe1 Qc7 17. Bf1 h6 18. Bf4 Bd6 19. Bxd6 Qxd6 20. Nd2 Qc6 21. Be2 a5 22.
a4 b4 23. Nb5 Qb6 24. Bf3 Nb8 1/2-1/2

[Event "Reykjavik Open 2024"]
[Site "Reykjavik ISL"]
[Date "2024.03.21"]
[Round "9.153"]
[White "Jonsdottir, Katrin Maria"]
[Black "Beatty, Samuel"]
[Result "1-0"]
[WhiteElo "1525"]
[BlackElo "1731"]
[WhiteFideId "2316706"]
[BlackFideId "1344390"]
[EventDate "2024.03.15"]

1. e4 e6 2. d4 d5 3. Nc3 dxe4 4. Nxe4 Nd7 5. Nf3 Ngf6 6. Nxf6+ Nxf6 7. Bd3 c5 8.
dxc5 Bxc5 9. O-O O-O 10. b3 b6 11. Bb2 Bb7 12. c4 Qe7 13. Qc2 h6 14. Rad1 Bxf3
15. gxf3 Nh5 16. Rfe1 Qg5+ 17. Kh1 Bd6 18. Rg1 Qf4 19. Rg2 f5 20. Rdg1 g5 21.
Bc1 Qxf3 22. Be2 Qh3 23. Bxh5 Qxh5 24. Bxg5 Kh7 25. Qd2 Bxh2 26. Rxh2 Qf3+ 27.
Rgg2 1-0